भारतीय काव्यशास्त्र की आचार्य-परम्परा (Record no. 8340)
[ view plain ]
| 000 -LEADER | |
|---|---|
| fixed length control field | 01300 a2200217 4500 |
| 005 - DATE AND TIME OF LATEST TRANSACTION | |
| control field | 2008092303393.0 |
| 008 - FIXED-LENGTH DATA ELEMENTS--GENERAL INFORMATION | |
| fixed length control field | 080923t xxu||||| |||| 00| 0 hin d |
| 010 ## - LCCN (DPL NO) | |
| LC control number | HIN-81374 |
| 020 ## - INTERNATIONAL STANDARD BOOK NUMBER | |
| International Standard Book Number | 9788171245680 |
| Terms of availability | 180.00 |
| 035 ## - SYSTEM CONTROL NUMBER | |
| System control number | HN-53720 |
| 037 ## - SOURCE OF ACQUISITION | |
| Source of stock number/acquisition | पु.प्र.अ.प्र / प्रका. |
| 082 ## - DEWEY DECIMAL CLASSIFICATION NUMBER | |
| Classification number | 821.08 |
| 100 ## - MAIN ENTRY--PERSONAL NAME | |
| Personal name | त्रिपाठी , राधावल्लभ |
| 245 ## - TITLE STATEMENT | |
| Title | भारतीय काव्यशास्त्र की आचार्य-परम्परा |
| Statement of responsibility, etc | राधावल्लभ त्रिपाठी |
| 246 ## - VARYING FORM OF TITLE | |
| Title proper/short title | Bharatiya Kavyashastra Ki Acharya Parampara |
| Remainder of title | By-Radhavllabh Tripathi |
| 260 ## - PUBLICATION, DISTRIBUTION, ETC. (IMPRINT) | |
| Place of publication, distribution, etc | वाराणसी |
| Name of publisher, distributor, etc | विश्वविद्यालय प्रकाशन |
| Date of publication, distribution, etc | 2007 |
| 270 ## - ADDRESS | |
| Address | पो बॉ 1149,विशालाक्षी भवन,चौक |
| City | वाराणसी |
| Postal code | 221001 |
| Telephone number | (0542)2413741 , 2413082 |
| Electronic mail address | sales@vvpbooks.com |
| 300 ## - PHYSICAL DESCRIPTION | |
| Extent | 160 पृ |
| Dimensions | 23 सेमी(सजिल्द) |
| 942 ## - ADDED ENTRY ELEMENTS (KOHA) | |
| Institution code [OBSOLETE] | dpl |
| Item type | Hindi Books |
| Call number prefix | 821.08 / त्रिपाठी |
| Source of classification or shelving scheme | Dewey Decimal Classification |
| Classification part | 821.08 |
| Call number suffix | त्रिपाठी |
| Withdrawn status | Lost status | Source of classification or shelving scheme | Damaged status | Not for loan | Home library | Current library | Date acquired | Cost, normal purchase price | Total Checkouts | Full call number | Barcode | Date last seen | Copy number | Cost, replacement price | Koha item type |
|---|---|---|---|---|---|---|---|---|---|---|---|---|---|---|---|
| Dewey Decimal Classification | D.B.Act.Division | D.B.Act.Division | 23/09/2008 | 180.00 | 821.08 त्रिपाठी | HN-53720 | 15/09/2008 | 1 | 180.00 | Hindi Books |
